000 01532nam a2200397 4500
003 EC-UNACH
005 20250515164416.0
006 s||||gr|||| 00| 00
008 150116t9999 mx r gr 000 0 spa d
020 _aNo registra en la obra
040 _aEC-UNACH
_cEC-UNACH
041 _aspa
082 0 4 _223
_a300
_bL017782
110 _aCentro Andino de Acción Popular (CAAP)
245 _aFamilia y Trabajo en la Ciudad Andina
250 _aPrimera edición
264 _aQuito – Ecuador
_bCAAP
_c1987
300 _a182 páginas
_bCuadros
_c14,5 X 21 cm
505 _aPresentación -- Introducción -- Sector de la Familia en la ciudad de la paz --El comportamiento familiar en el Mercado -- Fuerza de Trabajo Urbana e Identidad de Clase: Algunas reflexiones a partir del caso de San Carlos Alto (Quito) --Reproducción y Sectores Populares: Redes de Intercambio en San Carlos Alto -- Fuerza de Trabajo Urbana y Familia: Problemas y Perspectivas de Análisis.
650 _aCOMPOSICIÓN SOCIAL
650 _aESTRUCTURA LABORAL
650 _aFUERZA DE TRABAJO
650 _aREDES VECINALES
650 _aORGANIZACIÓN SOCIAL
700 _aPérez, Juan Pablo
700 _aCasanovas, Roberto
700 _aAlvarado, Javier
700 _aRibadeneira, Juan Carlos
700 _aChiriboga, Manuel
942 _2ddc
_c1
999 _c13581